00310nam a22001337a 4500003000400000020001800004082001900022100002300041245003400064250001600098260003700114300000900151650001600160SGT a9788131243046 a617.6342bC17H aKenneth Hargreaves aCohen's Pathways of the Pulp  asouth asian aNEW DELHIbElsevier India c2017 a1105 aENDODONTICS